<?xml version="1.0" encoding="UTF-8"?>
<record
    xmlns:xsi="http://www.w3.org/2001/XMLSchema-instance"
    xsi:schemaLocation="http://www.loc.gov/MARC21/slim http://www.loc.gov/standards/marcxml/schema/MARC21slim.xsd"
    xmlns="http://www.loc.gov/MARC21/slim">

  <leader>00609nam a22001577a 4500</leader>
  <controlfield tag="003">OSt</controlfield>
  <controlfield tag="005">20151002131442.0</controlfield>
  <controlfield tag="008">151002b        xxu||||| |||| 00| 0 eng d</controlfield>
  <datafield tag="040" ind1=" " ind2=" ">
    <subfield code="c">RUA </subfield>
  </datafield>
  <datafield tag="082" ind1=" " ind2=" ">
    <subfield code="a">AVM KHI 1995 B069 Or.1</subfield>
  </datafield>
  <datafield tag="100" ind1=" " ind2=" ">
    <subfield code="9">1745</subfield>
    <subfield code="a">KHIEU MONO </subfield>
  </datafield>
  <datafield tag="245" ind1=" " ind2=" ">
    <subfield code="a">La vaccination contre la peste porcine dans le district de sa.ang (kandal), (&#x1780;&#x17B6;&#x179A;&#x179C;&#x17C9;&#x17B6;&#x1780;&#x17CB;&#x179F;&#x17C6;&#x17B6;&#x1784;&#x1780;&#x17B6;&#x179A;&#x1796;&#x17B6;&#x179A;&#x1787;&#x17C6;&#x1784;&#x17BA;&#x1794;&#x17C9;&#x17C1;&#x179F;&#x17D2;&#x178F;&#x1787;&#x17D2;&#x179A;&#x17BC;&#x1780; &#x1793;&#x17C5;&#x179F;&#x17D2;&#x179A;&#x17BB;&#x1780;&#x179F;&#x17D2;&#x17A2;&#x17B6;&#x1784; &#x1781;&#x17C1;&#x178F;&#x17D2;&#x178F;&#x1780;&#x178E;&#x17D2;&#x178A;&#x17B6;&#x179B;)</subfield>
  </datafield>
  <datafield tag="260" ind1=" " ind2=" ">
    <subfield code="a">phnom penh </subfield>
    <subfield code="b">RUA </subfield>
    <subfield code="c">1995</subfield>
  </datafield>
  <datafield tag="300" ind1=" " ind2=" ">
    <subfield code="a">40p.</subfield>
    <subfield code="b">ill.</subfield>
    <subfield code="c">29cm.</subfield>
  </datafield>
  <datafield tag="942" ind1=" " ind2=" ">
    <subfield code="2">ddc</subfield>
    <subfield code="c">AVM</subfield>
  </datafield>
  <datafield tag="999" ind1=" " ind2=" ">
    <subfield code="c">1647</subfield>
    <subfield code="d">1647</subfield>
  </datafield>
  <datafield tag="952" ind1=" " ind2=" ">
    <subfield code="0">0</subfield>
    <subfield code="1">0</subfield>
    <subfield code="2">ddc</subfield>
    <subfield code="4">0</subfield>
    <subfield code="6">AVM_KHI_1995_000000000000000_B069_OR_2</subfield>
    <subfield code="7">0</subfield>
    <subfield code="9">7264</subfield>
    <subfield code="a">LBB</subfield>
    <subfield code="b">LBB</subfield>
    <subfield code="c">B069</subfield>
    <subfield code="d">2015-10-02</subfield>
    <subfield code="o">AVM KHI 1995 B069 Or.2</subfield>
    <subfield code="p">RUA007236</subfield>
    <subfield code="r">2015-10-02</subfield>
    <subfield code="w">2015-10-02</subfield>
    <subfield code="y">AVM</subfield>
  </datafield>
  <datafield tag="952" ind1=" " ind2=" ">
    <subfield code="0">0</subfield>
    <subfield code="1">0</subfield>
    <subfield code="2">ddc</subfield>
    <subfield code="4">0</subfield>
    <subfield code="6">AVM_KHI_1995_000000000000000_B069_OR_3</subfield>
    <subfield code="7">0</subfield>
    <subfield code="9">7431</subfield>
    <subfield code="a">LBB</subfield>
    <subfield code="b">LBB</subfield>
    <subfield code="c">B069</subfield>
    <subfield code="d">2015-10-02</subfield>
    <subfield code="o">AVM KHI 1995 B069 Or.3</subfield>
    <subfield code="p">RUA008057</subfield>
    <subfield code="r">2015-10-02</subfield>
    <subfield code="w">2015-10-02</subfield>
    <subfield code="y">AVM</subfield>
  </datafield>
  <datafield tag="952" ind1=" " ind2=" ">
    <subfield code="0">0</subfield>
    <subfield code="1">0</subfield>
    <subfield code="2">ddc</subfield>
    <subfield code="4">0</subfield>
    <subfield code="6">AVM_KHI_1995_000000000000000_B069_OR_4</subfield>
    <subfield code="7">0</subfield>
    <subfield code="9">7432</subfield>
    <subfield code="a">LBB</subfield>
    <subfield code="b">LBB</subfield>
    <subfield code="c">B069</subfield>
    <subfield code="d">2015-10-02</subfield>
    <subfield code="l">2</subfield>
    <subfield code="m">1</subfield>
    <subfield code="o">AVM KHI 1995 B069 Or.4</subfield>
    <subfield code="p">RUA008056</subfield>
    <subfield code="r">2023-03-01</subfield>
    <subfield code="s">2023-02-14</subfield>
    <subfield code="w">2015-10-02</subfield>
    <subfield code="y">AVM</subfield>
  </datafield>
  <datafield tag="952" ind1=" " ind2=" ">
    <subfield code="0">0</subfield>
    <subfield code="1">0</subfield>
    <subfield code="2">ddc</subfield>
    <subfield code="4">0</subfield>
    <subfield code="6">AVM_KHI_1995_000000000000000_B069_OR_5</subfield>
    <subfield code="7">0</subfield>
    <subfield code="9">7433</subfield>
    <subfield code="a">LBB</subfield>
    <subfield code="b">LBB</subfield>
    <subfield code="c">B069</subfield>
    <subfield code="d">2015-10-02</subfield>
    <subfield code="o">AVM KHI 1995 B069 Or.5</subfield>
    <subfield code="p">RUA008128</subfield>
    <subfield code="r">2015-10-02</subfield>
    <subfield code="w">2015-10-02</subfield>
    <subfield code="y">AVM</subfield>
  </datafield>
  <datafield tag="952" ind1=" " ind2=" ">
    <subfield code="0">0</subfield>
    <subfield code="1">0</subfield>
    <subfield code="2">ddc</subfield>
    <subfield code="4">0</subfield>
    <subfield code="6">AVM_KHI_1995_000000000000000_B069_OR_1</subfield>
    <subfield code="7">0</subfield>
    <subfield code="9">7437</subfield>
    <subfield code="a">LBB</subfield>
    <subfield code="b">LBB</subfield>
    <subfield code="c">B069</subfield>
    <subfield code="d">2015-10-02</subfield>
    <subfield code="o">AVM KHI 1995 B069 Or.1</subfield>
    <subfield code="p">RUA007080</subfield>
    <subfield code="r">2015-10-02</subfield>
    <subfield code="w">2015-10-02</subfield>
    <subfield code="y">AVM</subfield>
  </datafield>
</record>
